(Khmer) Buddha / (Record no. 49227)
| 000 -LEADER | |
|---|---|
| fixed length control field | 00324nam a2200109 4500 |
| 020 ## - INTERNATIONAL STANDARD BOOK NUMBER | |
| International Standard Book Number | 9789995054571 |
| 245 ## - TITLE STATEMENT | |
| Title | (Khmer) Buddha / |
| Statement of responsibility, etc | Brigitte Labbe and Michel Puech. |
| 260 ## - PUBLICATION, DISTRIBUTION, ETC. (IMPRINT) | |
| Place of publication, distribution, etc | Cambodia: |
| Name of publisher, distributor, etc | Sipar; |
| Date of publication, distribution, etc | 2023. |
| 300 ## - PHYSICAL DESCRIPTION | |
| Extent | 44 p. |
| Other physical details | col. ill. |
| Dimensions | 20 cm. |
| 490 ## - SERIES STATEMENT | |
| Series statement | I want to know the life of series; |
| 942 ## - ADDED ENTRY ELEMENTS (KOHA) | |
| Source of classification or shelving scheme | |
| Koha item type | Khmer NON FIC Books |
| Withdrawn status | Lost status | Source of classification or shelving scheme | Damaged status | Not for loan | Collection code | Home library | Current library | Shelving location | Date acquired | Total Checkouts | Full call number | Barcode | Checked out | Date last seen | Date checked out | Price effective from | Koha item type |
|---|---|---|---|---|---|---|---|---|---|---|---|---|---|---|---|---|---|
| Siem Riep | Asian Hope Secondary Library | Asian Hope Secondary Library | 08/11/2025 | 1 | KHMER 294.3 LAB | 208732 | 04/28/2026 | 04/21/2026 | 04/21/2026 | 08/11/2025 | Khmer NON FIC Books |